000 01599nam0a2200409 4500
001 RU\NLR\bibl\311867
005 20250621140605.0
010 _a5-900761-24-X
_9200
021 _aRU
_b2002-27779
_91378
035 _a(NLR Aleph) 000306994
090 _a20830
_c20830
100 _a20020923d2002 |||y0rusy50 ca
101 0 _arus
102 _aRU
105 _aa |||||||||
200 1 _aЭрозионно-гидрологический процесс и лесомелиорация
_eЭксперим. оценка, расчет, проектирование
_fЕ.А. Гаршинев
210 _aВолгоград
_cВНИАЛМИ
_d2002
215 _a219, [1] с.
_cил.
_d21
320 _aБиблиогр.: с. 170-187 (423 назв.)
606 0 _aАгролесомелиорация
_9897249
_3RU\NLR\auth\665390
606 0 _aЭрозионно-аккумулятивные процессы
_9941007
_3RU\NLR\auth\6629522
610 0 _aЭрозия почв водная
610 0 _aАгролесомелиоративные насаждения противоэрозионные
610 0 _aСклоны - Закрепление и облесение
675 _a630.116
_v3
_zrus
675 _a630.266
_v3
_zrus
686 _a68.47
_2rugasnti
686 _a43
_2rubbk
686 _aД823.121
686 _aП347
700 1 _aГаршинев
_bЕ. А.
_gЕвгений Александрович
_4070
801 0 _aRU
_bRKP
_c20020923
_gPSBO
801 1 _aRU
_bRKP
_c20020923
801 2 _aRU
_bNLR
_c20021015
_grcr
942 _cBOOK
980 _aNB